| 000 | 00421nam a2200145Ia 4500 | ||
|---|---|---|---|
| 008 | 200924s9999 xx 000 0 und d | ||
| 020 | _a978-981-3156-89-0 | ||
| 100 | _aSmith, Janice Gorzynski | ||
| 245 |
_cJanice Gorzynski Smith _aGeneral, organic and biological chemistry/ |
||
| 250 | _a4th ed. | ||
| 260 |
_aUS: _bMcGraw Hill _c2019 |
||
| 300 |
_axxxiv, I-24 _c25 cm. |
||
| 650 | _abiochemistry | ||
| 650 | _aChemistry | ||
| 999 |
_c364459 _d364459 |
||